Statistics for Towns and cities: guess the region (8)

Click here to take the quiz!

General Stats

  • This quiz has been taken 13 times
  • The average score is 12 of 20

Answer Stats

HintAnswer% Correct
NanjingJiangsu
92%
JaipurRajasthan
92%
Porto AlegreRio Grande do Sul
92%
MelbourneVictoria
92%
VictoriaBritish Columbia
83%
BielefeldNordrhein-Westfalen
83%
Sioux FallsSouth Dakota
83%
Toluca de LerdoMéxico
75%
QuitoPichincha
75%
TiraspolLeft Bank of the Dniester
67%
OstravaMoravian-Silesian region
67%
PattayaChonburi
58%
OuluNorth Ostrobothnia
58%
Victoria FallsMatabeleland North
42%
VladikavkazNorth Ossetia
42%
ZuwaraNuqat al Khams
33%
NdolaCopperbelt
25%
Chbar MonKampong Speu
25%
A'anaLeulumoega
25%
Yuxarı QışlaqNakhchivan Autonomous Republic
17%

Score Distribution

Percentile by Number Answered

Percent of People with Each Score

Your Score History

You have not taken this quiz